000 00811nam a2200277 i 4500
001 bg
100 1 _aDEPCZYŃSKI, Wiesław
245 1 0 _aBudowle i zbiorniki wodne /
_cWiesław Depczyński, Andrzej Szamowski.
260 _aWarszawa :
_bOficyna Wydawnicza Politechniki Warszawskiej,
_c1997.
300 _a229, [1] s. :
_b1 mapa, rys., 2 wykr. ;
_c24 cm.
504 _aBibliogr. 229-[230].
650 9 _aElektrownie wodne
650 9 _aJazy
650 9 _aPowódź
_xzapobieganie
650 9 _aZapory wodne
650 9 _aZbiorniki wodne
655 _aPodręczniki akademickie
700 1 _aSZAMOWSKI, Andrzej
020 _a8387012661
040 _cBPK
041 0 _apl
080 _a627.43:627.8](075.8)
920 _a83-87012-66-1
942 _cKS
008 s pl f |000 0 pol
999 _c33737
_d33737
856 _uhttp://koha.tu.koszalin.pl/cgi-bin/koha/opac-detail.pl?biblionumber=33737
_yKatalog online BPK